书目信息 |
| 题名: |
中国歌谣选
|
|
| 作者: | ;中国民间文艺研究会 , 中国社会科学院文学研究所各民族民间文学组 编 | |
| 分册: | 第一集 | |
| 出版信息: | 上海 上海文艺出版社 1978.11 |
|
| 页数: | 504页 | |
| 开本: | 21cm | |
| 丛书名: | 中国各民族民间文学丛刊之二 | |
| 单 册: | ||
| 中图分类: | I276.2 | |
| 科图分类: | ||
| 主题词: | 民间文学--中国 | |
| 电子资源: | ||
| ISBN: | ||
| 000 | 00896nam0 2200205 45 | |
| 001 | 0312221749 | |
| 005 | 20061109170354.12 | |
| 010 | @dCNY1.60 | |
| 100 | @a20031222d1978 km y0chiy0120 ea | |
| 101 | @achi | |
| 200 | 1 | @a中国歌谣选@AZhong Guo Ge Yao Xuan@e近代歌谣@h第一集@f中国民间文艺研究会,中国社会科学院文学研究所各民族民间文学组编@Fzhong guo min jian wen yi yan jiu hui,zhong guo she hui ke xue yuan wen xue yan jiu suo ge min zu min jian wen xue zu bian |
| 210 | @a上海@c上海文艺出版社@d1978.11 | |
| 215 | @a504页@d21cm | |
| 225 | 2 | @a中国各民族民间文学丛刊之二 |
| 606 | 0 | @a民间文学@x中国 |
| 690 | @aI276.2@v3 | |
| 711 | 0 | @a中国民间文艺研究会@Azhong guo min jian wen yi yan jiu hui@4编 |
| 711 | 0 | @a中国社会科学院文学研究所各民族民间文学组@Azhong guo she hui ke xue yuan wen xue yan jiu suo ge min zu min jian wen xue zu@4编 |
| 801 | @aCN@bTSTCL@c20061109 | |
| 905 | @a213230@dI276.2@e56 | |
| 中国歌谣选:近代歌谣.第一集/中国民间文艺研究会,中国社会科学院文学研究所各民族民间文学组编.-上海:上海文艺出版社,1978.11 |
| 504页;21cm.-(中国各民族民间文学丛刊之二) |
| ISBN :CNY1.60 |
| ● |
| 相关链接 |
|
|
|
|
正题名:中国歌谣选
索取号:I276.2/56
 
预约/预借
| 序号 | 登录号 | 条形码 | 馆藏地/架位号 | 状态 | 备注 |
| 1 | 0228934 | 001728401 | 第一样本阅览室/ [索取号:I276.2/56] | 在馆 |